000
00243nam a2200097Ia 4500
008
220204s9999 xx 000 0 und d
082
_b
IND;3
245
0
_a
Notes on financial rules
260
_a
India
_b
Manager of Publications
_c
1962
942
_c
BK
999
_c
20116
_d
20116